| 000 | 00433 a2200157 4500 | ||
|---|---|---|---|
| 005 | 20250624123815.0 | ||
| 020 | _a0-02-417310x | ||
| 082 | _a190STE | ||
| 100 | _aSTEWART .D | ||
| 245 | _aFundamental of Philosophy | ||
| 250 | _a2nd Ed, | ||
| 260 |
_aNew York, _bMaCmillan Publishing Company, _c1982. |
||
| 300 |
_axiii, 512p, ill, table, figure and picture _bGlossary and Index _c26cm. |
||
| 700 | _aBLOCKER . H. G | ||
| 942 |
_2ddc _cBKS |
||
| 999 |
_c4861 _d4861 |
||